| 000 | 00674nam a2200145 4500 | ||
|---|---|---|---|
| 008 | 0 2007 0a 000 0mex | ||
| 050 | _aT56.42 MR5 G5 2007 | ||
| 082 | _a658.576 G5m | ||
| 100 | _aGil Roman, Eduardo | ||
| 245 | _aMejora en el proceso de picking & kitting en planta uno, primera etapa del area de vestidura utilizando metodo de trabajo IFA. / Eduardo Gil Roman, Josue Emmanuel Roman Benítez | ||
| 300 | _a138 cp. / 28 cm. | ||
| 502 | _aMemoria de residencia profesional. Opción x. I.T.Z. (Industrial) M.I. José LuisBautista Herrera | ||
| 650 | _a1. MEJORA DEL PRODUCTO 2. CONTROL DE CALIDAD | ||
| 700 | _aI. Roman Benítez, Josue Emmanuel. coaut. | ||
| 999 |
_c22455 _d22455 |
||